| 000 | 00504nam a2200157 i 4500 | ||
|---|---|---|---|
| 001 | 104677 | ||
| 003 | ES-MaACL | ||
| 005 | 20230906183649.0 | ||
| 007 | t| | ||
| 008 | 051207s1961 sp ||||1| spa d | ||
| 100 | 1 |
_aMiñarro Montoya, Enrique. _981395 |
|
| 245 | 1 | 3 |
_aEl intercambio de acciones entre sociedades _b: sus problemas matemático-contables / _cEnrique Miñarro Montoya. |
| 260 |
_aMadrid : _b[s.n.], _c1961 ( _fImnasa) |
||
| 300 |
_a67 p. ; _c26 cm. |
||
| 852 |
_aES-MaACL _jC-21247 _bR.47403 |
||
| 999 |
_c104677 _d104677 |
||